书目信息 |
| 题名: |
全新英语语法精练
|
|
| 作者: | 李绍山 , 陈存军 编 | |
| 分册: | ||
| 出版信息: | 西安 西安交通大学出版社 2005.08 |
|
| 页数: | 142页 | |
| 开本: | 23cm | |
| 丛书名: | ||
| 单 册: | ||
| 中图分类: | H314 | |
| 科图分类: | ||
| 主题词: | 英语--ying yu--语法--高等学校--学习参考资料 | |
| 电子资源: | ||
| ISBN: | 7-5605-2080-4 | |
| 000 | 00996nam0 2200241 450 | |
| 001 | 012006166313 | |
| 005 | 20060912163125.89 | |
| 010 | @a7-5605-2080-4@dCNY15.00 (附练习答案) | |
| 100 | @a20060621d2005 km y0chiy0120 ea | |
| 101 | 0 | @achi@aeng |
| 102 | @aCN@b610000 | |
| 105 | @ay z 000yy | |
| 200 | 1 | @a全新英语语法精练@Aquan xin ying yu yu fa jing lian@d= Selected exercises to English grammar@f李绍山, 陈存军 [编]@Fli shao shan,chen cun jun[bian]@zeng |
| 210 | @a西安@c西安交通大学出版社@d2005.08 | |
| 215 | @a142页@d23cm@e附练习答案1册(12页) | |
| 330 | @a本书内容包括:基本句型,冠词,动词、非谓语动词、虚拟语气,形容词和副词、介词、句子和关联词、直接引语和间接引语等14章的内容,对英语作了系统全面的训练。 | |
| 510 | 1 | @aSelected exercises to English grammar@zeng |
| 606 | 0 | @a英语@Aying yu@x语法@x高等学校@j学习参考资料 |
| 690 | @aH314@v4 | |
| 701 | 0 | @a李绍山@Ali shao shan@4编 |
| 701 | 0 | @a陈存军@Achen cun jun@4编 |
| 801 | 0 | @aCN@bQSSK@c20060912 |
| 905 | @a10447@dH314@eL256 | |
| 全新英语语法精练= Selected exercises to English grammar/李绍山, 陈存军 [编].-西安:西安交通大学出版社,2005.08 |
| 142页;23cm+附练习答案1册(12页) |
| ISBN 7-5605-2080-4:CNY15.00 (附练习答案) |
| 本书内容包括:基本句型,冠词,动词、非谓语动词、虚拟语气,形容词和副词、介词、句子和关联词、直接引语和间接引语等14章的内容,对英语作了系统全面的训练。 |
| ● |
| 相关链接 |
|
|
|
正题名:全新英语语法精练
索取号:H314/L256
 
预约/预借
| 序号 | 登录号 | 条形码 | 馆藏地/架位号 | 状态 | 备注 |
| 1 | 590253 | 205902530 | 语言库209/209语言库 4排2列1层/ [索取号:H314/L256] | 在馆 | |
| 2 | 590254 | 205902549 | 语言库209/209语言库 4排2列1层/ [索取号:H314/L256] | 在馆 | |
| 3 | 590255 | 205902558 | 语言库209/209语言库 4排2列1层/ [索取号:H314/L256] | 在馆 |